| 000 | 00000nam##2200000za#4500 |
| 001 | 9.668602 |
| 003 | CaOODSP |
| 005 | 20210615124254 |
| 007 | ta |
| 008 | 150407|2007||||xxc||||| f|0| 0 fre|d |
| 020 | |a978-0-662-49992-3 |
| 040 | |aCaOODSP|bfre |
| 041 | |aeng |
| 041 | |afre |
| 043 | |an-cn--- |
| 086 | 1 |aHS4-33/2007 |
| 110 | 1 |aCanada. |bRessources humaines et développement social Canada. |
| 245 | 10|aDescriptions de travail - manuel à l'usage des employeurs : |bcomment les rédiger, comment les utiliser |
| 246 | 13|aClassification nationale des professions |
| 260 | |aOttawa - Ontario : |bRessources humaines et Développement social Canada |c©2007. |
| 300 | |aTexte français, 24p. : |bill. en couleur, tableaux ; |c28 cm. |
| 520 | 3 |aFondé à partir de la Classification nationale des professions (CNP), ce manuel aidera les utilisateurs à rédiger des descriptions de travail pour recruter des employés, évaluer leur rendement et identifier les besoins en formation. |
| 563 | |aCouverture souple |
| 590 | |a08-01|b2008-01-04 |
| 691 | 07|aDescription de poste|2gcpds |
| 691 | 07|aClassification des emplois|2gcpds |
| 691 | 07|aEmployeur|2gcpds |
| 776 | 0#|tDescriptions de travail - manuel à l'usage des employeurs : |w(CaOODSP)9.634916 |
| 776 | 0#|tJob descriptions - an employer's handbook : |w(CaOODSP)9.690562 |
| 791 | |tJob descriptions - an employer's handbook : |eeng|w(CaOODSP)9.668601 |
| 986 | |aWP-019-03-07F |